Central Library OPAC University of Rajshahi

Petroleum refining with chemicals / (Record no. 70886)

MARC details
000 -LEADER
fixed length control field 00755nam a2200229 a 4500
001 - CONTROL NUMBER
control field 70886
003 - CONTROL NUMBER IDENTIFIER
rucl marc code BD-RjUL
005 - DATE AND TIME OF LATEST TRANSACTION
control field 20211209082042.0
008 - FIXED-LENGTH DATA ELEMENTS--GENERAL INFORMATION
fixed length control field 170422s1956 nyu 001 0 eng
035 ## - SYSTEM CONTROL NUMBER
System control number (BD-RjUL)71100
040 ## - CATALOGING SOURCE
Original cataloging agency DLC
Transcribing agency NjDPA
Modifying agency Uk
-- DLC
-- BD-RjUL
Language of cataloging eng
041 ## - LANGUAGE CODE
Language code of text/sound track or separate title eng
082 ## - DEWEY DECIMAL CLASSIFICATION NUMBER
Edition number 23
Classification number 665.53
Author mark and year KAP 1956
100 1# - MAIN ENTRY--PERSONAL NAME
Personal name Kalichevsky, Vladimir Anatole,
Dates associated with a name 1895-
9 (RLIN) 204124
245 10 - TITLE STATEMENT
Title Petroleum refining with chemicals /
Statement of responsibility, etc. by Vladimir A. Kalichevsky and Kenneth A. Kobe.
260 ## - PUBLICATION, DISTRIBUTION, ETC. (IMPRINT)
Place of publication, distribution, etc. Amsterdam ;
-- New York :
Name of publisher, distributor, etc. Elsevier Pub. Co.,
Date of publication, distribution, etc. 1956.
300 ## - PHYSICAL DESCRIPTION
Pagination xi, 780 p. ;
Illustrations ill. ;
Size 23 cm
500 ## - GENERAL NOTE
General note Includes index.
650 #0 - SUBJECT ADDED ENTRY--TOPICAL TERM
Topical term or geographic name as entry element Petroleum
General subdivision Refining.
9 (RLIN) 163501
700 1# - ADDED ENTRY--PERSONAL NAME
Personal name Kobe, Kenneth A.
Fuller form of name (Kenneth Albert),
Dates associated with a name 1905-
942 ## - ADDED ENTRY ELEMENTS (KOHA)
Source of classification or shelving scheme Dewey Decimal Classification
Koha item type Books
Holdings
Lost status Source of classification or shelving scheme Damaged status Not for loan Collection code Permanent Location Current Location Shelving location Date acquired Source of acquisition Cost, normal purchase price Total Checkouts Full call number Date last seen Copy number Koha item type
  Dewey Decimal Classification   Not For Loan Non-fiction Central Library, University of Rajshahi Central Library, University of Rajshahi Reading Room 01/12/1965 Zeitlinger 100.00   665.53 KAP 1956 22/04/2017 C-1 Books